Утилизация окиси углерода в промышленных газовых выбросах путем химического синтеза; Синтез углеводородов на основе ретурного газа: промежуточный отчет о НИР; Тема : 5-24/78

Bibliographische Detailangaben
Körperschaft: Томский политехнический институт (ТПИ) (595)
Weitere Verfasser: Кравцов А. В. Анатолий Васильевич (руководитель), Патраков Ю. Ф. (исполнитель)
Sprache:Russisch
Veröffentlicht: Томск, 1979
Schlagworte:
Format: MixedMaterials Buch
KOHA link:https://koha.lib.tpu.ru/cgi-bin/koha/opac-detail.pl?biblionumber=176063

MARC

LEADER 00000nbm0a2200000 4500
001 176063
005 20231031165204.0
029 0 0 |a SU  |b 76039706  |f ТПУ 
035 |a (RuTPU)RU\TPU\book\190885 
035 |a RU\TPU\book\172942 
090 |a 176063 
100 |a 20100222d1979 k y0rusy50 ca 
101 0 |a rus 
102 |a RU 
105 |a a p 001zy 
200 1 |a Утилизация окиси углерода в промышленных газовых выбросах путем химического синтеза  |a Синтез углеводородов на основе ретурного газа  |e промежуточный отчет о НИР  |e Тема : 5-24/78  |f Томский политехнический институт (ТПИ) ; рук. А. В. Кравцов , Ю. Ф. Патраков 
210 |a Томск  |d 1979 
215 |a 75 л. 
320 |a Библиогр.: с. 71-75. 
610 1 |a ретурный газ 
610 1 |a газовые выбросы 
610 1 |a окись углерода 
610 1 |a утилизация 
610 1 |a химический синтез 
610 1 |a реактор 
610 1 |a катализатор 
610 1 |a себестоимость 
610 1 |a математическое моделирование 
610 1 |a катализаторы 
610 1 |a отчеты о НИР 
675 |a 661.9(048)  |v 3 
702 1 |a Кравцов  |b А. В.  |c химик-технолог  |c профессор-консультант Томского политехнического университета, доктор технических наук  |f 1938-  |g Анатолий Васильевич  |2 stltpush  |3 (RuTPU)RU\TPU\pers\19827  |4 673 
702 1 |a Патраков  |b Ю. Ф.  |4 677 
712 0 2 |a Томский политехнический институт (ТПИ)  |c (1944-1991)  |2 stltpush  |3 (RuTPU)RU\TPU\col\1123  |4 595 
801 1 |a RU  |b 63413507  |c 20090511  |g PSBO 
801 2 |a RU  |b 63413507  |c 20120302  |g RCR 
942 |c BK